01020cam a22002651a 450000100100000000500170001000800410002701000130006804000300008104100090011105000210012008200140014124500920015526000520024730000210029949000630032050000230038361000280040665000440043470000440047883000690052291000340059195201120062599900170073700001634220200929164400.0770407s1959 mx 000 0 spa  a60042653 aDO-SdBNPcDGUdOCoLCdDLC aBNGR00aBX890b.V47 1960 axxxbV72200aFray Gaspar de Villarroel :bsiglo XVII /cestudio y selecciones de Gonzalo Zaldumbide. aPuebla, (México) :bJ. M. Cajica, Jr.,c1959. a516 p. ;c22 cm.0 aBiblioteca Ecuatoriana Minima. La Colonia y la República aIncluye apéndice20aCatholic Church.936453 0aTheologyxHistoryy17th century.9364541 aZaldumbide, Gonzalo,d1885-1965.936455 0aBiblioteca Ecuatoriana Minima. La Colonia y la República93109 aCatalogación por copia / LC 001050728MOaGRbGRcBDd2010-03-03iLF1l0oxxx V722p16342-10r2020-06-25w2020-06-25y1ZNo se presta c15877d15877